| 000 | 00631nam a2200229Ia 4500 | ||
|---|---|---|---|
| 003 | GCL | ||
| 008 | 140319s9999 xx 000 0 ara d | ||
| 040 |
_aGCL / _cGCL |
||
| 082 | 0 | 4 |
_a909.08 _bب ت |
| 100 | 1 | _aبيار ميكال | |
| 245 | 1 | 0 |
_aتاريخ العالم المعاصر / _cبيار ميكال |
| 700 | 1 | _aيوسف ضومط | |
| 260 |
_a[S.N] : _bدار الجيل ، _c1993 |
||
| 300 | _a696 ص | ||
| 490 | _a | ||
| 650 | 0 | 4 | _aالعصر الحديث |
| 650 | 0 | 4 | _aتاريخ |
| 650 | 0 | 4 | _aالتاريخ الحديث |
| 650 | 0 | 4 | _aالعالم |
| 650 | 0 | 4 | _aالقرن العشرين |
| 942 |
_2ddc _cBK |
||
| 999 |
_c58837 _d58837 |
||